|
|
|
|
| LEADER |
00000naa a2200000uu 4500 |
| 001 |
vtls010948288 |
| 003 |
SK-MaSNL |
| 005 |
20260302125219.0 |
| 008 |
210902|2000 xo |||||||||||||||||ger| |
| 015 |
|
|
|a SNBRA
|
| 035 |
|
|
|a (urnnbn)urn:nbn:sk:snk:ar-a0bhja
|
| 035 |
|
|
|a (uuid)7995d3b3-dc54-4ed2-bf31-dc82366d4586
|
| 035 |
|
|
|a urn:nbn:sk:snk-aau9ms
|
| 040 |
|
|
|a SNKBUCL
|b slo
|c SNKBUCL
|e AACR2
|
| 041 |
0 |
|
|a ger
|
| 044 |
|
|
|a xo
|c SK
|
| 100 |
1 |
|
|a Pleiner, Radomír
|4 aut
|9 791351
|
| 245 |
1 |
0 |
|a DAS EISEN UND DIE GRENZE
|c Radomír Pleiner
|
| 773 |
0 |
|
|t Metallgewinnung und - Verarbeitung in der Antike (Schwerpunkt Eisen)
|d Nitra : Archäologisches Institut der Slowakischen Akademie der Wissenschaften, 2000, 2000
|g S. [27]-31
|z 8088709482
|
| 958 |
|
|
|a OND
|
| 958 |
|
|
|a article11
|
| 958 |
|
|
|a chapter
|
| 999 |
|
|
|c 1292425
|d 1294355
|